Queen Sugar. The complete first season / Forward ... Read More
Available copies
- 1 of 1 copy available at LARL/NWRL Consortium.
Current holds
0 current holds with 1 total copy.
Show Only Available Copies
| Location | Call Number / Copy Notes | Barcode | Shelving Location | Status | Due Date |
|---|---|---|---|---|---|
| Thief River Falls Public Library | DVD QUE (Text) | 35500005557002 | Main | Available | - |
Record details
- ISBN: 9786316881762
- Physical Description: 3 videodiscs (571 min.) : sound, color ; 4 3/4 in.
- Publisher: Burbank, California : Warner Bros. Home Entertainment, [2017]
- Copyright: ℗♭2016
Content descriptions
| General Note: | Title from disc surface. Based on the book by Natalie Baszile. Widescreen. Special features: 3 all-new featurettes: Inside Queen Sugar; Origins extraordinary in the ordinary: ... Read More |
| Formatted Contents Note: | Disc 1. First things first ; Evergreeen ; Thy will ... Read More |
| Creation/Production Credits Note: | Executive producers, Ava DuVernay, Oprah Winfrey, ... Read More |
| Participant or Performer Note: | Rutina Wesley, Dawn-Lyen Gardner, Kofi Siriboe, ... Read More |
| Date/Time and Place of an Event Note: | Originally broadcast as single episodes of a ... Read More |
| Summary, etc.: | Produced by Oprah Winfrey, award winning filmmaker ... Read More |
| Target Audience Note: | Not rated. |
| System Details Note: | DVD, region 1, widescreen; 5.1 Dolby digital ... Read More |
| Language Note: | English dialogue; English or French subtitles; ... Read More |
Search for related items by subject
| Subject: | African American families > Drama. Sugarcane > United States > Drama. African American farmers > Drama. |
| Genre: | Television series. Fiction television programs. |
| Topic Heading: | DVDs for the hearing impaired. |
Search for related items by series
| LDR | 04696cgm a2200937Ii 4500 | ||
|---|---|---|---|
| 001 | 258277 | ||
| 003 | LARL_NWRL_CONSORTIUM | ||
| 005 | 20170919132240.0 | ||
| 007 | vd cvaizq | ||
| 008 | 170418p20172016cau571 vleng d | ||
| 019 | . | ‡a988723823 | |
| 020 | . | ‡a9786316881762 | |
| 024 | 1 | . | ‡a883929574735 |
| 028 | 4 | 2. | ‡a1000635717 ‡bWarner Bros. Home Entertainment |
| 028 | 4 | 2. | ‡a2000131640 ‡bWarner Bros. Home Entertainment ‡q(disc 1) |
| 028 | 4 | 2. | ‡a2000131641 ‡bWarner Bros. Home Entertainment ‡q(disc 2) |
| 028 | 4 | 2. | ‡a2000131642 ‡bWarner Bros. Home Entertainment ‡q(disc 3) |
| 028 | 4 | 2. | ‡a3000072153 ‡bWarner Bros. Home Entertainment ‡q(container) |
| 035 | . | ‡a(OCoLC)982699694 ‡z(OCoLC)988723823 | |
| 037 | . | ‡bMidwest Tape ‡nhttp://www.midwesttapes.com | |
| 040 | . | ‡aTEFMT ‡beng ‡erda ‡cTEFMT ‡dTEF ‡dOCLCF ‡dIGA ‡dWIM ‡dWC4 ‡dOJ4 ‡dPLS ‡dGZD | |
| 041 | 1 | . | ‡aeng ‡jeng ‡jfre ‡heng |
| 043 | . | ‡an-us--- | |
| 082 | 0 | 4. | ‡a791.45/75 ‡223 |
| 099 | . | ‡aTV | |
| 245 | 0 | 0. | ‡aQueen Sugar. ‡nThe complete first season / ‡cForward Movement ; Harpo Films ; Warner Horizon Television ; created for television by Ava DuVernay ; produced by Paul Garnes, Carla Gardini, Neema Barnette, Tina Mabry. |
| 246 | 3 | . | ‡aQueen Sugar. ‡nSeason 1 |
| 257 | . | ‡aUnited States ‡2naf | |
| 264 | 1. | ‡aBurbank, California : ‡bWarner Bros. Home Entertainment, ‡c[2017] | |
| 264 | 4. | ‡c℗♭2016 | |
| 264 | 4. | ‡c℗♭2017 | |
| 300 | . | ‡a3 videodiscs (571 min.) : ‡bsound, color ; ‡c4 3/4 in. | |
| 336 | . | ‡atwo-dimensional moving image ‡btdi ‡2rdacontent | |
| 337 | . | ‡avideo ‡bv ‡2rdamedia | |
| 338 | . | ‡avideodisc ‡bvd ‡2rdacarrier | |
| 344 | . | ‡adigital ‡boptical ‡gsurround ‡hDolby digital 5.1 ‡2rda | |
| 346 | . | ‡aDVD ‡bNTSC ‡2rda | |
| 347 | . | ‡avideo file ‡bDVD video ‡eregion 1 ‡2rda | |
| 380 | . | ‡aTelevision series. ‡2lcgft | |
| 490 | 0 | . | ‡aQueen sugar ; ‡vSeason 1 |
| 538 | . | ‡aDVD, region 1, widescreen; 5.1 Dolby digital surround. | |
| 546 | . | ‡aEnglish dialogue; English or French subtitles; subtitled for the deaf and hard of hearing (SDH). | |
| 511 | 1 | . | ‡aRutina Wesley, Dawn-Lyen Gardner, Kofi Siriboe, Nicholas L. Ashe, Omar J. Dorsey, Dondr©♭ T. Whitfield, Timon Kyle Durrett, Greg Vaughan, Ethan Hutchison, Marycarmen Lopez, Tina Lifford. |
| 508 | . | ‡aExecutive producers, Ava DuVernay, Oprah Winfrey, Melissa Carter. | |
| 500 | . | ‡aTitle from disc surface. | |
| 500 | . | ‡aBased on the book by Natalie Baszile. | |
| 518 | . | ‡aOriginally broadcast as single episodes of a television program in 2016. | |
| 500 | . | ‡aWidescreen. | |
| 521 | 8 | . | ‡aNot rated. |
| 520 | . | ‡aProduced by Oprah Winfrey, award winning filmmaker Ava DuVernay, and Melissa Carter. After a family tragedy forces them back together, the Bordelons must navigate the triumphs and struggles of their complicated lives in order to run an ailing sugarcane farm in the Deep South. | |
| 505 | 0 | 0. | ‡gDisc 1. ‡tFirst things first ; ‡tEvergreeen ; ‡tThy will be done ; ‡tThe darker sooner -- ‡gDisc 2. ‡tBy any chance ; ‡tAs promised ; ‡tIn no uncertain terms ; ‡tWhere with all ; ‡tNext to nothing -- ‡gDisc 3. ‡tSo far ; ‡tAll good ; ‡tFar too long ; ‡tGive us this day. |
| 500 | . | ‡aSpecial features: 3 all-new featurettes: Inside Queen Sugar; Origins extraordinary in the ordinary: Making Queen Sugar; Oprah Winfrey and the cast of Queen Sugar; deleted scenes. | |
| 650 | 0. | ‡aAfrican American families ‡vDrama. ‡0(LARL_NWRL_CONSORTIUM)170468 | |
| 650 | 0. | ‡aSugarcane ‡zUnited States ‡vDrama. | |
| 650 | 0. | ‡aAfrican American farmers ‡vDrama. | |
| 655 | 7. | ‡aTelevision series. ‡2lcgft ‡0(LARL_NWRL_CONSORTIUM)175797 | |
| 655 | 7. | ‡aFiction television programs. ‡2lcgft ‡0(LARL_NWRL_CONSORTIUM)175627 | |
| 690 | . | ‡aDVDs for the hearing impaired. | |
| 700 | 1 | . | ‡aDuVernay, Ava, ‡ecreator, ‡etelevision producer. |
| 700 | 1 | . | ‡aGarnes, Paul, ‡d1971- ‡etelevision producer. |
| 700 | 1 | . | ‡aGardini, Carla, ‡etelevision producer. |
| 700 | 1 | . | ‡aBarnette, Neema, ‡etelevision producer. ‡0(LARL_NWRL_CONSORTIUM)204645 |
| 700 | 1 | . | ‡aWesley, Rutina, ‡eactor. ‡0(LARL_NWRL_CONSORTIUM)216001 |
| 700 | 1 | . | ‡aMabry, Tina, ‡etelevision producer. |
| 700 | 1 | . | ‡aGardner, Dawn-Lyen, ‡eactor. |
| 700 | 1 | . | ‡aSiriboe, Kofi, ‡d1994- ‡eactor. |
| 700 | 1 | . | ‡aAshe, Nicholas L., ‡eactor. |
| 700 | 1 | . | ‡aDorsey, Omar J., ‡eactor. |
| 700 | 1 | . | ‡aWhitfield, Dondr©♭ T., ‡d1969- ‡eactor. |
| 700 | 1 | . | ‡aDurrett, Timon Kyle, ‡eactor. |
| 700 | 1 | . | ‡aVaughan, Greg, ‡d1973- ‡eactor. |
| 700 | 1 | . | ‡aHutchison, Ethan, ‡eactor. |
| 700 | 1 | . | ‡aLopez, Marycarmen, ‡eactor. |
| 700 | 1 | . | ‡aLifford, Tina, ‡eactor. ‡0(LARL_NWRL_CONSORTIUM)142012 |
| 700 | 1 | . | ‡aWinfrey, Oprah, ‡etelevision producer. ‡0(LARL_NWRL_CONSORTIUM)88857 |
| 700 | 1 | . | ‡aCarter, Melissa, ‡etelevision producer. |
| 700 | 1 | . | ‡aBaszile, Natalie. |
| 710 | 2 | . | ‡aForward Movement (Firm), ‡eproduction company. |
| 710 | 2 | . | ‡aHarpo Films, ‡eproduction company. ‡0(LARL_NWRL_CONSORTIUM)145821 |
| 710 | 2 | . | ‡aWarner Horizon Television, ‡eproduction company. |
| 710 | 2 | . | ‡aWarner Bros. Home Entertainment, ‡epublisher. |
| 730 | 0 | . | ‡aQueen Sugar (Television program). |
| 901 | . | ‡a258277 ‡b ‡c258277 ‡tbiblio | |

Add to basket
Permalink
Disable Highlighting